Aglomerados urbanos de Buenos Aires - Estadísticas

Estadísticas generales
  • Esta prueba ha sido intentada 122 veces
  • La puntuación promedio es 14 de 26
Estadísticas de respuestas
Respuesta/Answer Población (2010) % Correcto
Gran Buenos Aires 13 588 222
95%
Gran La Plata 787 294
93%
Mar del Plata 593 337
86%
Gran Bahía Blanca 291 327
81%
Zárate 98 522
69%
Tandil 116 916
67%
Luján 97 363
65%
Azul 55 728
63%
Olavarría 89 721
60%
Necochea 84 784
59%
Campana 86 860
58%
Junín 87 509
58%
Chascomús 33 607
56%
Pergamino 91 399
54%
Chivilcoy 58 152
50%
San Pedro 47 452
46%
Mercedes 56 116
44%
Trenque Lauquen 33 442
36%
Chacabuco 38 418
33%
Tres Arroyos 46 867
33%
Balcarce 38 376
32%
Bragado 33 222
32%
Pehuajó 31 533
31%
Carmen de Patagones 73 322
26%
Nueve de Julio 36 494
18%
Punta Alta 58 315
18%
No se encontraron pruebas coincidentes
Distribución de puntuación
Porcentaje de gente con cada puntuación
Porcentaje por número respondido
Historial de tus puntuaciones
No has intentado esta prueba.